[Event "Pinar del Rio Province-ch fin 1st Cat"]
[Site "Pinar del Rio"]
[Date "2010.11.05"]
[Round "8"]
[White "Ramos Pineiro, Alexis"]
[Black "Corrales Jimenez, Zenia"]
[Result "1/2-1/2"]
[WhiteElo "2236"]
[BlackElo "2159"]
[PlyCount "78"]
[EventDate "2010.10.27"]
[EventType "tourn"]
[EventRounds "11"]
[EventCountry "CUB"]
[SourceTitle "EXT 2019"]
[Source "ChessBase"]
[SourceDate "2018.10.10"]
[SourceVersion "1"]
[SourceVersionDate "2018.10.10"]
[SourceQuality "1"]

1. e4 c5 2. Nf3 d6 3. Be2 Nf6 4. d3 g6 5. 0-0 Bg7 6. c3 0-0 7. Nbd2 e5 8. a4 Nc6 9. Nc4 d5 10. exd5 Nxd5 11. Re1 Bf5 12. Bf1 Qc7 13. a5 Rad8 14. Qb3 Nde7 15. Qb5 Bxd3 16. Bxd3 Rxd3 17. Be3 Rd5 18. Bxc5 Nf5 19. Bb6 Qd7 20. Qb3 Rd3 21. Bc5 Rd8 22. Ncxe5 Nxe5 23. Nxe5 Bxe5 24. Rxe5 Nh4 25. Qc4 Rd1+ 26. Re1 Rxe1+ 27. Rxe1 Qd2 28. Qe4 Nxg2 29. Kxg2 Qg5+ 30. Kf1 Qxc5 31. Qxb7 Qxa5 32. Re7 Rd1+ 33. Ke2 Qd8 34. Re8+ Qxe8+ 35. Kxd1 Qa4+ 36. Kd2 Qf4+ 37. Ke2 Qg4+ 38. Kd3 Qf5+ 39. Ke3 Qe6+ 1/2-1/2

[Event "Pinar del Rio Province-ch sf 1st Cat"]
[Site "Pinar del Rio"]
[Date "2010.10.18"]
[Round "2"]
[White "Hernandez Gonzalez, William"]
[Black "Ramos Pineiro, Alexis"]
[Result "1/2-1/2"]
[WhiteElo "2023"]
[BlackElo "2236"]
[PlyCount "20"]
[EventDate "2010.10.01"]
[EventType "swiss"]
[EventRounds "9"]
[EventCountry "CUB"]
[SourceTitle "EXT 2019"]
[Source "ChessBase"]
[SourceDate "2018.10.10"]
[SourceVersion "1"]
[SourceVersionDate "2018.10.10"]
[SourceQuality "1"]

1. d4 d5 2. Nf3 Nf6 3. e3 e6 4. Bd3 Bd6 5. 0-0 0-0 6. Nbd2 Nbd7 7. b3 Qe7 8. Bb2 Ba3 9. Bc3 Bb4 10. Bb2 Ba3 1/2-1/2